Welcome to the Holygrace Academy Library

Please use search bar below to get started

EMMA (Record no. 2902)

MARC details
000 -LEADER
fixed length control field 00435nam a22001577a 4500
020 ## - INTERNATIONAL STANDARD BOOK NUMBER
ISBN 978-93-81438-88-6
082 ## - DEWEY DECIMAL CLASSIFICATION NUMBER
Classification number 823
Item number AUS/E
100 ## - MAIN ENTRY--AUTHOR NAME
Personal name AUSTEN, JANE
245 ## - TITLE STATEMENT
Title EMMA
Remainder of title IMMORTAL ILLUSTRATED CLASSICS
246 ## - VARYING FORM OF TITLE
Title proper/short title EMMA
Remainder of title IMMORTAL ILLUSTRATED CLASSICS
260 ## - PUBLICATION, DISTRIBUTION, ETC. (IMPRINT)
Place of publication NEW DELHI
Name of publisher LITTLE SCHOLARZ PVT LTD
Year of publication 2013
300 ## - PHYSICAL DESCRIPTION
Number of Pages 240
520 ## - SUMMARY, ETC.
Summary, etc IMMORTAL ILLUSTRATED CLASSICS
650 ## - SUBJECT ADDED ENTRY--TOPICAL TERM
Topical Term IMMORTAL ILLUSTRATED CLASSICS
942 ## - ADDED ENTRY ELEMENTS (KOHA)
Koha item type Books
Holdings
Withdrawn status Lost status Collection code Home library Current library Shelving location Date acquired Source of acquisition Full call number Accession Number Koha item type
    Fiction Main Library Main Library SHELF 4-F ENGLISH CLASSICS 16/03/2018 Purchase 823 AUS/E 10173 Books